[Event "Youth Classic 2019 - Youth Open U14"]
[Site "Bad Soden, Hasselgrundhalle"]
[Date "2019.10.04"]
[Round "2.24"]
[White "Novoselov, Mikhail"]
[Black "Haller, Andreas"]
[Result "0-1"]
[WhiteElo "825"]
[BlackElo "1087"]
[PlyCount "66"]
[EventDate "2019.??.??"]
[WhiteTeam "SK Bad Homburg"]
[BlackTeam "SC Bad Soden"]

1. e4 e5 2. Nf3 Nc6 3. d3 Nf6 4. Be2 h6 5. Nc3 d5 6. exd5 Nxd5 7. Nxd5 Qxd5 8.
c4 Qd8 9. O-O Bc5 10. a3 a5 11. Bd2 O-O 12. Rb1 Re8 13. Be3 Bxe3 14. fxe3 Bg4
15. h3 Bh5 16. Ng5 Bxe2 17. Qxe2 Qxg5 18. e4 Nd4 19. Qf2 f6 20. h4 Qg4 21. b4
Rf8 22. bxa5 Rxa5 23. Ra1 f5 24. Qe1 Ra6 25. a4 Nc2 26. Qf2 Nxa1 27. Rxa1 fxe4
28. Qc5 Rg6 29. Qd5+ Kh8 30. Ra2 Qd1+ 31. Kh2 Rf1 32. Qd8+ Kh7 33. Kh3 Rh1# 0-1

[Event "Youth Classic 2019 - Youth Open U14"]
[Site "Bad Soden, Hasselgrundhalle"]
[Date "2019.10.04"]
[Round "2.25"]
[White "Püschel-Esparza, Mateo"]
[Black "Kramer, Theodor"]
[Result "1/2-1/2"]
[WhiteElo "1085"]
[BlackElo "862"]
[PlyCount "140"]
[EventDate "2019.??.??"]
[WhiteTeam "SC Landskrone"]
[BlackTeam "SC Bad Soden"]

1. d4 d5 2. Bf4 Bf5 3. e3 Nf6 4. Be2 Nc6 5. c3 g6 6. Nf3 Bg7 7. O-O O-O 8. Nbd2
e6 9. Ne5 Nxe5 10. dxe5 Nd7 11. h3 g5 12. Bh2 Nxe5 13. Bxe5 Bxe5 14. Nf3 Bg7
15. Nd4 c6 16. Nxf5 exf5 17. Bd3 Qf6 18. f4 Bh6 19. Rf3 Kh8 20. Qe1 Rg8 21. Rg3
gxf4 22. Rxg8+ Rxg8 23. exf4 Qg7 24. Qe5 Bxf4 25. Qxg7+ Rxg7 26. Bxf5 Be3+ 27.
Kf1 d4 28. Re1 Rg5 29. g4 c5 30. Ke2 b5 31. Rf1 Rg8 32. Bd7 a6 33. Rxf7 Rg7 34.
Rf8+ Rg8 35. Rxg8+ Kxg8 36. Be6+ Kg7 37. h4 h5 38. Bd7 hxg4 39. Bxg4 Kh6 40.
Kf3 Bc1 41. cxd4 cxd4 42. b3 d3 43. Ke4 a5 44. Kxd3 a4 45. bxa4 bxa4 46. Kc2
Bf4 47. Kb2 Bd6 48. a3 Bxa3+ 49. Kxa3 Kh7 50. Kxa4 Kh8 51. Kb5 Kg8 52. Kc5 Kh8
53. Kd5 Kg8 54. Ke5 Kh8 55. Kf6 Kg8 56. h5 Kh8 57. Kg5 Kg8 58. Bf5 Kh8 59. Kg6
Kg8 60. h6 Kh8 61. Kh5 Kg8 62. Bh3 Kh8 63. Kg6 Kg8 64. Bf5 Kh8 65. Kh5 Kg8 66.
h7+ Kh8 67. Kg4 Kg7 68. Kf4 Kh8 69. Ke5 Kg7 70. Ke6 Kh8 1/2-1/2

[Event "Youth Classic 2019 - Youth Open U14"]
[Site "Bad Soden, Hasselgrundhalle"]
[Date "2019.10.04"]
[Round "2.26"]
[White "Pöpplow, Peer"]
[Black "Rodermel, Leonie"]
[Result "0-1"]
[WhiteElo "816"]
[BlackElo "1066"]
[PlyCount "68"]
[EventDate "2019.??.??"]
[WhiteTeam "Chess Tigers"]
[BlackTeam "SV Oberursel"]

1. e4 e5 2. Nf3 Nc6 3. Nc3 Nf6 4. Bc4 Bc5 5. d3 h6 6. h3 d6 7. O-O O-O 8. Nd5
Be6 9. Nxf6+ Qxf6 10. Bd5 Bxd5 11. exd5 Nb4 12. c4 Qf5 13. d4 Nc2 14. Nh4 Qe4
15. Rb1 Qxh4 16. Qxc2 Bxd4 17. b3 Rfe8 18. Bb2 Bxb2 19. Qxb2 c6 20. dxc6 bxc6
21. b4 Qxc4 22. Rbc1 Qb5 23. Rfe1 Rac8 24. Re3 a5 25. Re4 c5 26. Qd2 cxb4 27.
Rxc8 Rxc8 28. Rg4 Kh8 29. h4 Qd7 30. Rg3 Qe7 31. Rg4 f5 32. Rg3 Qxh4 33. Qxd6
Rc1+ 34. Qd1 Rxd1# 0-1

[Event "Youth Classic 2019 - Youth Open U14"]
[Site "Bad Soden, Hasselgrundhalle"]
[Date "2019.10.04"]
[Round "2.27"]
[White "Tobias, Karolin"]
[Black "Roos Nazario, Lukas"]
[Result "1-0"]
[WhiteElo "1261"]
[BlackElo "807"]
[PlyCount "67"]
[EventDate "2019.??.??"]
[WhiteTeam "SV Oberursel"]
[BlackTeam "TTC Grün-Weiß Fritzdorf"]

1. e4 e5 2. Nf3 Nc6 3. Bc4 d6 4. d3 Nf6 5. Nc3 Be7 6. Be3 O-O 7. Qe2 Na5 8.
O-O-O Nxc4 9. dxc4 Re8 10. Rdg1 Ng4 11. Bd2 Bf8 12. h3 Nf6 13. g4 g6 14. Nh4
Nd7 15. Nf3 b6 16. h4 Bg7 17. h5 Nf8 18. Nd5 Bb7 19. Bg5 f6 20. Bh4 c6 21. Ne3
Ne6 22. hxg6 Nf4 23. gxh7+ Kh8 24. Qf1 Ba6 25. g5 d5 26. Nf5 Bxc4 27. Qd1 Be2
28. gxf6 Bxd1 29. fxg7+ Kxh7 30. Bxd8+ Kg8 31. Rh8+ Kf7 32. Nd6+ Ke6 33. Rxe8+
Kxd6 34. Bc7+ 1-0

[Event "Youth Classic 2019 - Youth Open U14"]
[Site "Bad Soden, Hasselgrundhalle"]
[Date "2019.10.04"]
[Round "2.28"]
[White "Meinecke, Isabella"]
[Black "Radutny, Alexej"]
[Result "0-1"]
[WhiteElo "800"]
[BlackElo "1023"]
[PlyCount "84"]
[EventDate "2019.??.??"]
[WhiteTeam "SV Turm Sankt Augustin"]
[BlackTeam "SK Bad Homburg"]

1. e4 e5 2. Nf3 Nc6 3. Nc3 Nf6 4. d3 Bc5 5. Nxe5 Nxe5 6. d4 Bxd4 7. Qxd4 Nc6 8.
Qd1 d6 9. Bg5 O-O 10. Nd5 Be6 11. Bc4 Ne5 12. Bb3 c6 13. Nxf6+ gxf6 14. Bh6 Re8
15. O-O Ng4 16. Bf4 d5 17. exd5 cxd5 18. Re1 Qb6 19. Rf1 Rad8 20. h3 Ne5 21.
Bh6 Kh8 22. c3 Rg8 23. Bc2 Bxh3 24. Be3 Bxg2 25. Bxb6 Nf3+ 26. Qxf3 Bxf3+ 27.
Kh2 Rg2+ 28. Kh3 axb6 29. Rg1 Rdg8 30. Rxg2 Rxg2 31. Re1 Rxf2 32. Bb3 h5 33.
Re7 Kg7 34. Rxb7 Rg2 35. Rxb6 Kg6 36. c4 Kg5 37. c5 h4 38. Rb4 Rg3+ 39. Kh2
Rg2+ 40. Kh3 Be4 41. c6 Rg1 42. c7 Rh1# 0-1

[Event "Youth Classic 2019 - Youth Open U14"]
[Site "Bad Soden, Hasselgrundhalle"]
[Date "2019.10.04"]
[Round "2.29"]
[White "Stehning, Michel"]
[Black "Malsy, Lotte"]
[Result "1-0"]
[WhiteElo "1020"]
[BlackElo "793"]
[PlyCount "51"]
[EventDate "2019.??.??"]
[WhiteTeam "SF Braunfels"]
[BlackTeam "SC Bad Soden"]

1. e4 e5 2. Nf3 Nc6 3. Bc4 Bc5 4. c3 Nf6 5. d4 exd4 6. cxd4 Bb4+ 7. Bd2 Bxd2+
8. Nbxd2 d5 9. Bd3 dxe4 10. Nxe4 Nxe4 11. Bxe4 Qe7 12. d5 Qb4+ 13. Nd2 Ne7 14.
O-O O-O 15. a3 Qd6 16. Nc4 Qh6 17. Ne3 Re8 18. Ng4 Qh5 19. Nf6+ gxf6 20. Qxh5
Nf5 21. Bxf5 Bxf5 22. Qxf5 Rad8 23. Rad1 c6 24. d6 Re6 25. d7 Re5 26. Qxf6 1-0

[Event "Youth Classic 2019 - Youth Open U14"]
[Site "Bad Soden, Hasselgrundhalle"]
[Date "2019.10.04"]
[Round "2.30"]
[White "Sadri, Adrian"]
[Black "Wagner, Maribel"]
[Result "1-0"]
[WhiteElo "1243"]
[BlackElo "760"]
[PlyCount "109"]
[EventDate "2019.??.??"]
[WhiteTeam "SC Bad Soden"]
[BlackTeam "SC Bad Soden"]

1. e4 e5 2. Nf3 Nc6 3. Bc4 Bc5 4. c3 d6 5. d4 Bb6 6. Bb5 Nf6 7. d5 O-O 8. dxc6
bxc6 9. Bxc6 Rb8 10. Na3 Ng4 11. O-O Qf6 12. h3 Nh6 13. Nc4 Qg6 14. Kh1 Qh5 15.
h4 Bg4 16. Bxh6 Qxh6 17. Nxb6 Rxb6 18. Bd5 c6 19. Bc4 d5 20. exd5 cxd5 21. Bxd5
Rg6 22. Be4 Rf6 23. g3 Rf4 24. Bd5 Qg6 25. Re1 Bh3 26. Nxe5 Qf5 27. gxf4 Qxf4
28. Qh5 g6 29. Qf3 Qxh4 30. Bxf7+ Kg7 31. Qg3 Qh5 32. Kh2 Bc8+ 33. Kg1 Bb7 34.
Kf1 Ba6+ 35. Bc4 Bc8 36. Be2 Bh3+ 37. Kg1 Qf5 38. Bf3 Rf6 39. Kh2 Rf8 40. Qxh3
Qf4+ 41. Qg3 Qh6+ 42. Kg2 Rf5 43. Rh1 Qd2 44. Nc4 Qd3 45. Nd6 Qc2 46. Be4 Qxb2
47. Bxf5 Kf6 48. Rhb1 Qe2 49. Bg4 Qd2 50. Ne4+ Kg7 51. Nxd2 h6 52. Qf3 h5 53.
Rb7+ Kh6 54. Qf4+ g5 55. Qf6# 1-0

[Event "Youth Classic 2019 - Youth Open U14"]
[Site "Bad Soden, Hasselgrundhalle"]
[Date "2019.10.04"]
[Round "3.2"]
[White "Colditz, Elias"]
[Black "Fischer, Juliane"]
[Result "1/2-1/2"]
[WhiteElo "1676"]
[BlackElo "1405"]
[PlyCount "78"]
[EventDate "2019.??.??"]
[WhiteTeam "SV Multatuli Ingelheim e.V."]
[BlackTeam "SK Gernsheim"]

1. e4 e5 2. Nf3 Nc6 3. Bc4 Bc5 4. O-O Nf6 5. d3 h6 6. Nc3 d6 7. h3 O-O 8. Be3
Bb6 9. Nd5 Be6 10. Nxb6 axb6 11. Nd2 Nh7 12. Bxe6 fxe6 13. Qg4 Rf6 14. c3 Qe8
15. f4 Rg6 16. Qe2 exf4 17. Bxf4 Ng5 18. Bxg5 Rxg5 19. Nf3 Rh5 20. g4 Qg6 21.
Qg2 Rha5 22. b4 Ra3 23. Qb2 Qf6 24. Nd4 Qe5 25. Ne2 Qg5 26. Rf3 Ne5 27. Rg3 Ng6
28. d4 Nf4 29. Rf3 Nxe2+ 30. Qxe2 h5 31. Kh1 hxg4 32. hxg4 Qh4+ 33. Kg2 Qxg4+
34. Kf2 Qh4+ 35. Kg2 Rf8 36. Rxf8+ Kxf8 37. Rf1+ Kg8 38. Rf3 Qg4+ 39. Kf2 Qh4+
1/2-1/2

[Event "Youth Classic 2019 - Youth Open U14"]
[Site "Bad Soden, Hasselgrundhalle"]
[Date "2019.10.04"]
[Round "3.3"]
[White "Lehmann, Nils"]
[Black "Middendorf, Sven-Jonas"]
[Result "1-0"]
[WhiteElo "1629"]
[BlackElo "1382"]
[PlyCount "147"]
[EventDate "2019.??.??"]
[WhiteTeam "SV Lahn Limburg"]
[BlackTeam "SV Hellas Nauen"]

1. e4 e5 2. Nf3 Nc6 3. Bc4 Bc5 4. c3 Nf6 5. d3 O-O 6. Nbd2 d6 7. Nf1 Bg4 8. h3
Be6 9. Bb5 Bd7 10. Ba4 Qe8 11. Bc2 d5 12. Ng3 Rd8 13. Qe2 dxe4 14. dxe4 Qe7 15.
Nh2 Be6 16. Ng4 Nxg4 17. hxg4 Qf6 18. Nf5 g6 19. g5 Qh8 20. Nh6+ Kg7 21. b4 Be7
22. b5 Nb8 23. f4 exf4 24. Bxf4 f6 25. Bxc7 Rc8 26. gxf6+ Bxf6 27. e5 Rxc7 28.
exf6+ Rxf6 29. Qe5 Re7 30. Ng4 Nd7 31. Qd6 Bf7+ 32. Qxe7 Re6+ 33. Qxe6 Bxe6 34.
Nf2 Kg8 35. Ne4 Qe5 36. O-O Bf5 37. Rfe1 Bxe4 38. Rxe4 Qc5+ 39. Rd4 Nf6 40. Rf1
Qxc3 41. Bb3+ Kg7 42. Rdf4 Qc5+ 43. R1f2 Qc1+ 44. Kh2 Qc3 45. Rxf6 Qxf6 46.
Rxf6 Kxf6 47. Kg3 Kf5 48. Kh4 h5 49. Bc2+ Kf6 50. g4 hxg4 51. Kxg4 g5 52. a4 b6
53. Bb1 Ke6 54. Kxg5 Kd6 55. Kf5 Kd5 56. Kf6 Kd6 57. Bf5 Kc7 58. Ke7 Kb8 59.
Kd8 Kb7 60. Be4+ Kb8 61. Kd7 a6 62. bxa6 Ka7 63. Bd3 Kb8 64. Kc6 Ka7 65. Bb5
Kb8 66. Kxb6 Kc8 67. a7 Kd8 68. a8=Q+ Ke7 69. Qc6 Kf7 70. Qd6 Kg7 71. Qe6 Kh8
72. Qe7 Kg8 73. Bd3 Kh8 74. Qh7# 1-0

[Event "Youth Classic 2019 - Youth Open U14"]
[Site "Bad Soden, Hasselgrundhalle"]
[Date "2019.10.04"]
[Round "3.4"]
[White "Gold, Jan Christian"]
[Black "Weyerer, Noah"]
[Result "0-1"]
[WhiteElo "1430"]
[BlackElo "1362"]
[PlyCount "72"]
[EventDate "2019.??.??"]
[WhiteTeam "Hamburger SK"]
[BlackTeam "SV Oberursel"]

1. d4 f5 2. c4 e6 3. Nf3 Nf6 4. Bg5 d6 5. Nc3 Be7 6. e3 b6 7. Nh4 O-O 8. Be2
Ne4 9. Bxe7 Qxe7 10. Nf3 Nxc3 11. bxc3 Bb7 12. a4 a5 13. Qb3 Nd7 14. c5 dxc5
15. Bc4 Rfe8 16. Ng5 Qxg5 17. Bxe6+ Kh8 18. Bxd7 Qxg2 19. Rf1 Ba6 20. Bb5 Bxb5
21. axb5 f4 22. Qc4 fxe3 23. fxe3 Rxe3+ 24. Kd1 Rxc3 25. Qxc3 Qxf1+ 26. Kc2
Qe2+ 27. Kc1 Qxb5 28. Kd2 Qb4 29. dxc5 Rd8+ 30. Kc2 Qxc3+ 31. Kxc3 Rd5 32. Kc4
Rxc5+ 33. Kd3 h6 34. Re1 a4 35. Re4 b5 36. Kd4 Rc4+ 0-1

[Event "Youth Classic 2019 - Youth Open U14"]
[Site "Bad Soden, Hasselgrundhalle"]
[Date "2019.10.04"]
[Round "3.5"]
[White "Eull, Emil"]
[Black "Nedilko, Marko"]
[Result "1-0"]
[WhiteElo "1504"]
[BlackElo "1407"]
[PlyCount "33"]
[EventDate "2019.??.??"]
[WhiteTeam "SF Neuberg"]
[BlackTeam "SC ML Kastellaun"]

1. e4 g6 2. d4 Bg7 3. Nc3 c5 4. Nf3 Qa5 5. Be3 Nf6 6. Qd2 Nc6 7. O-O-O Ng4 8.
Bc4 Nxe3 9. fxe3 a6 10. Qf2 b5 11. Bxf7+ Kd8 12. Bd5 Bb7 13. Qd2 b4 14. Ne2 Rb8
15. Nf4 e6 16. Bxe6 dxe6 17. dxc5+ 1-0

[Event "Youth Classic 2019 - Youth Open U14"]
[Site "Bad Soden, Hasselgrundhalle"]
[Date "2019.10.04"]
[Round "3.6"]
[White "Miranda Martin, Pablo Mateo"]
[Black "Welker, Alexandra"]
[Result "1-0"]
[WhiteElo "1606"]
[BlackElo "1441"]
[PlyCount "89"]
[EventDate "2019.??.??"]
[WhiteTeam "SK Gau-Algesheim"]
[BlackTeam "TuS Makkabi"]

1. d4 d5 2. c4 c6 3. Nc3 Nf6 4. Nf3 g6 5. Bf4 Bg7 6. Qd2 O-O 7. Bh6 Bf5 8. Bxg7
Kxg7 9. e3 Ne4 10. Nxe4 Bxe4 11. Bd3 Bxd3 12. Qxd3 Nd7 13. O-O Rc8 14. cxd5
cxd5 15. Nd2 e6 16. Rfc1 Qb6 17. Nb3 a6 18. Rc3 Rxc3 19. Qxc3 Qd6 20. Rc1 Qb8
21. Qc7 Nf6 22. f3 Rd8 23. Na5 b6 24. Nb3 Ne8 25. Qxb8 Rxb8 26. Rc6 Rb7 27. h3
Nc7 28. Kf2 h5 29. h4 Kf6 30. a4 a5 31. e4 dxe4 32. fxe4 Ke7 33. Ke3 Kd7 34.
Rc4 f6 35. Rc2 Rb8 36. Rf2 Rf8 37. Kd3 Kd6 38. Kc4 e5 39. d5 f5 40. Rf1 f4 41.
Nd2 Rc8 42. Kb3 Kc5 43. Nf3 Kd6 44. Rc1 Na6 45. Rxc8 1-0

[Event "Youth Classic 2019 - Youth Open U14"]
[Site "Bad Soden, Hasselgrundhalle"]
[Date "2019.10.04"]
[Round "3.7"]
[White "Hery, Bastian"]
[Black "Haller, Christian"]
[Result "0-1"]
[WhiteElo "1425"]
[BlackElo "1325"]
[PlyCount "50"]
[EventDate "2019.??.??"]
[WhiteTeam "Vorw.Orient Mainz"]
[BlackTeam "SC Bad Soden"]

1. e4 e5 2. Nf3 Nc6 3. Bc4 Bc5 4. c3 Nf6 5. d4 exd4 6. cxd4 Bb4+ 7. Nc3 Nxe4 8.
O-O Bxc3 9. d5 Bf6 10. Re1 Ne7 11. Rxe4 d6 12. Bg5 Bxg5 13. Nxg5 O-O 14. Qe2
Ng6 15. Qh5 h6 16. Ne6 fxe6 17. Qxg6 exd5 18. Bxd5+ Kh8 19. Rae1 Bf5 20. Qh5
Bxe4 21. Rxe4 c6 22. Bf7 Qf6 23. Re8 Raxe8 24. Bxe8 Qxf2+ 25. Kh1 Qf1# 0-1

[Event "Youth Classic 2019 - Youth Open U14"]
[Site "Bad Soden, Hasselgrundhalle"]
[Date "2019.10.04"]
[Round "3.8"]
[White "Burkart, Lloyd Shang"]
[Black "Akhmatovski, Maxim"]
[Result "1-0"]
[WhiteElo "1399"]
[BlackElo "1359"]
[PlyCount "117"]
[EventDate "2019.??.??"]
[WhiteTeam "TuS Makkabi"]
[BlackTeam "SV Oberursel"]

1. d4 d5 2. c4 e6 3. Nf3 Nf6 4. g3 Nbd7 5. Bg2 dxc4 6. Qa4 c5 7. Qxc4 Nb6 8.
Qd3 Be7 9. O-O O-O 10. Nc3 Nbd5 11. e4 Nxc3 12. bxc3 b6 13. a3 Bb7 14. Ng5 h6
15. e5 Bxg2 16. exf6 hxg5 17. fxe7 Qxe7 18. Kxg2 Qb7+ 19. Qf3 Qe7 20. Re1 cxd4
21. cxd4 Rfd8 22. Bb2 Rac8 23. Rac1 b5 24. Rxc8 Rxc8 25. Rc1 Rb8 26. Qc3 f6 27.
Qc7 Rb7 28. Qxe7 Rxe7 29. g4 a5 30. Rc8+ Kf7 31. Rb8 Ra7 32. Rxb5 g6 33. a4 f5
34. h3 Ke7 35. Bc3 Rc7 36. Rc5 Rb7 37. Rxa5 Rb3 38. Rc5 Rb7 39. a5 Ra7 40. Rc6
Kd7 41. Rb6 Ra8 42. a6 Ra7 43. Rb7+ Rxb7 44. axb7 Kc7 45. Kg3 Kxb7 46. gxf5
gxf5 47. f4 gxf4+ 48. Kxf4 Kc7 49. Ke5 Kd7 50. d5 exd5 51. Kxd5 f4 52. Ke4 f3
53. Kxf3 Ke6 54. Kg4 Kf7 55. h4 Kg6 56. h5+ Kh6 57. Bb2 Kh7 58. Kg5 Kg8 59. Kg6
1-0

[Event "Youth Classic 2019 - Youth Open U14"]
[Site "Bad Soden, Hasselgrundhalle"]
[Date "2019.10.04"]
[Round "3.9"]
[White "Papadopoulos, Leon"]
[Black "Trenz, Finn"]
[Result "0-1"]
[WhiteElo "1388"]
[BlackElo "1471"]
[PlyCount "86"]
[EventDate "2019.??.??"]
[WhiteTeam "SV Oberursel"]
[BlackTeam "SK Gau-Algesheim"]

1. e4 e5 2. Nf3 Nc6 3. d4 exd4 4. Bc4 Bc5 5. c3 Nf6 6. cxd4 Bb4+ 7. Bd2 Bxd2+
8. Nbxd2 d5 9. e5 dxc4 10. exf6 Qxf6 11. Nxc4 O-O 12. O-O Bg4 13. d5 Bxf3 14.
Qxf3 Qxf3 15. gxf3 Ne7 16. Rad1 Rad8 17. Rfe1 Nxd5 18. Re5 c6 19. Ne3 Nxe3 20.
Rxd8 Rxd8 21. Rxe3 Kf8 22. Kg2 Rd2 23. Rb3 b6 24. Kg3 Ke7 25. f4 c5 26. f3 c4
27. Re3+ Kd7 28. b3 cxb3 29. axb3 f6 30. f5 Rd5 31. Kf4 a5 32. Ke4 Re5+ 33. Kf4
Rxe3 34. Kxe3 b5 35. f4 a4 36. bxa4 bxa4 37. Kd2 Kd6 38. Kc3 Kd5 39. Kd3 a3 40.
Ke3 a2 41. Kf3 a1=Q 42. Kg4 Qg1+ 43. Kh5 Qxh2+ 0-1

[Event "Youth Classic 2019 - Youth Open U14"]
[Site "Bad Soden, Hasselgrundhalle"]
[Date "2019.10.04"]
[Round "3.10"]
[White "Schmid, Leon"]
[Black "Kanno, Clara Yumi"]
[Result "1/2-1/2"]
[WhiteElo "1546"]
[BlackElo "1142"]
[PlyCount "85"]
[EventDate "2019.??.??"]
[WhiteTeam "SF Heidesheim"]
[BlackTeam "SK Altenkirchen"]

1. d4 d5 2. Bf4 Bf5 3. e3 e6 4. Bd3 Bxd3 5. Qxd3 c5 6. Bxb8 Rxb8 7. Qb5+ Qd7 8.
Qxd7+ Kxd7 9. dxc5 Bxc5 10. c3 Nf6 11. Nf3 Ke7 12. O-O Rhd8 13. Nbd2 Kf8 14.
Rac1 Rbc8 15. Rc2 a6 16. Rfc1 Ba7 17. h3 Rd7 18. Nd4 Rdc7 19. N2f3 b5 20. Ne5
Bxd4 21. exd4 b4 22. f3 Ne8 23. Nd3 a5 24. Nc5 bxc3 25. bxc3 Nd6 26. Rb1 Nc4
27. Rb3 Ke7 28. Kf2 Ra8 29. Ke2 f6 30. Rc1 a4 31. Rb4 g5 32. Ra1 a3 33. Rab1
Nd6 34. Nb7 h5 35. Nxd6 Kxd6 36. Rb6+ Kd7 37. Kd3 Rc6 38. Rb7+ Rc7 39. g4 h4
40. Kc2 Kc6 41. R1b6+ Kd7 42. Kc1 Rxb7 43. Rxb7+ 1/2-1/2

[Event "Youth Classic 2019 - Youth Open U14"]
[Site "Bad Soden, Hasselgrundhalle"]
[Date "2019.10.04"]
[Round "3.11"]
[White "Müller, Maurice-Pascal"]
[Black "Stiehl, Richard"]
[Result "1-0"]
[WhiteElo "1683"]
[BlackElo "1243"]
[PlyCount "79"]
[EventDate "2019.??.??"]
[WhiteTeam "SC Landskrone"]
[BlackTeam "SV Multatuli Ingelheim e.V."]

1. e4 e5 2. Nf3 Nc6 3. Bb5 a6 4. Ba4 Nf6 5. O-O Bc5 6. d3 h6 7. Bxc6 bxc6 8.
Nxe5 Bb7 9. Nc3 d6 10. Ng4 O-O 11. Qf3 Bc8 12. Nxf6+ Qxf6 13. Qxf6 gxf6 14.
Bxh6 Re8 15. Be3 Bb6 16. Bxb6 cxb6 17. f4 f5 18. h3 b5 19. a3 a5 20. Kh2 Bd7
21. exf5 Bxf5 22. g4 Bd7 23. Ne4 Re6 24. f5 Re5 25. Nf6+ Kg7 26. Nxd7 Re2+ 27.
Kg3 Rxc2 28. g5 Rd8 29. Nf6 Rh8 30. Rae1 Rd2 31. Rf3 Rxb2 32. Ne8+ Kh7 33. Nxd6
Rg8 34. h4 Rb3 35. Nxf7 c5 36. g6+ Kg7 37. h5 Rxa3 38. f6+ Kf8 39. g7+ Kxf7 40.
Re7# 1-0

[Event "Youth Classic 2019 - Youth Open U14"]
[Site "Bad Soden, Hasselgrundhalle"]
[Date "2019.10.04"]
[Round "3.12"]
[White "Chhajed, Divyam"]
[Black "Markosyan, Aleksandr"]
[Result "0-1"]
[WhiteElo "1112"]
[BlackElo "1759"]
[PlyCount "46"]
[EventDate "2019.??.??"]
[WhiteTeam "SK Bickenbach"]
[BlackTeam "SG Idstein"]

1. e4 c5 2. Nf3 g6 3. Bc4 Nc6 4. Nc3 Bg7 5. Ng5 e6 6. d3 Nge7 7. Be3 d5 8. exd5
exd5 9. Bb5 d4 10. Qf3 O-O 11. Bc4 Ne5 12. Qg3 Nf5 13. Qf4 Nxc4 14. dxc4 Nxe3
15. fxe3 dxc3 16. b3 Qd2+ 17. Kf1 Bf5 18. Re1 Bxc2 19. Re2 Bd3 20. Qf3 c2 21.
Kf2 Bxe2 22. Qxe2 c1=Q 23. Rxc1 Qxc1 0-1

[Event "Youth Classic 2019 - Youth Open U14"]
[Site "Bad Soden, Hasselgrundhalle"]
[Date "2019.10.04"]
[Round "3.13"]
[White "Lorenz, Alexander"]
[Black "Tychyna, Margarita"]
[Result "1-0"]
[WhiteElo "1759"]
[BlackElo "1088"]
[PlyCount "61"]
[EventDate "2019.??.??"]
[WhiteTeam "SV Bergwinkel"]
[BlackTeam "SK Bad Homburg"]

1. e4 e5 2. Nf3 Nc6 3. d4 exd4 4. Bc4 d6 5. Nxd4 Nf6 6. Nc3 Qe7 7. O-O g6 8.
Bg5 Bg7 9. Nd5 Qd8 10. Nb5 O-O 11. Nbxc7 Rb8 12. Nxf6+ Bxf6 13. Bxf6 Qxf6 14.
c3 Qg5 15. Nd5 Be6 16. f4 Qd8 17. f5 Bxd5 18. Bxd5 Ne5 19. f6 Nd7 20. Qf3 Re8
21. Qf4 Re5 22. Rf3 Rh5 23. Qxd6 Qb6+ 24. Qxb6 Nxb6 25. Rd1 Rd8 26. Bxf7+ Kxf7
27. Rxd8 Re5 28. Rh8 Re6 29. Rxh7+ Kg8 30. f7+ Kf8 31. Rh8+ 1-0

[Event "Youth Classic 2019 - Youth Open U14"]
[Site "Bad Soden, Hasselgrundhalle"]
[Date "2019.10.04"]
[Round "3.14"]
[White "Riemann, Adrian"]
[Black "Atar, Efecan"]
[Result "1/2-1/2"]
[WhiteElo "1105"]
[BlackElo "1417"]
[PlyCount "72"]
[EventDate "2019.??.??"]
[WhiteTeam "SK Bickenbach"]
[BlackTeam "SK Kerpen"]

1. d4 Nf6 2. c3 g6 3. e3 Bg7 4. f4 d6 5. Bd3 Bg4 6. Nf3 c5 7. O-O Nc6 8. Nbd2
Nd5 9. Ne4 Qb6 10. Bc4 Nc7 11. Qb3 Qxb3 12. Bxb3 c4 13. Ba4 b5 14. Bc2 Bf5 15.
Rf2 O-O 16. b4 a5 17. Ng3 Bxc2 18. Rxc2 axb4 19. cxb4 Nxb4 20. Rb2 Nd3 21. Rc2
Nd5 22. Bd2 b4 23. Rxc4 b3 24. a4 b2 25. Rb1 Rfb8 26. e4 N5xf4 27. Bxf4 Nxf4
28. e5 d5 29. Rc2 Rxa4 30. Rcxb2 Rxb2 31. Rxb2 Ra1+ 32. Nf1 Ra8 33. g3 Ne6 34.
Ne3 Rd8 35. Rb5 Kf8 36. Rxd5 Rxd5 1/2-1/2

[Event "Youth Classic 2019 - Youth Open U14"]
[Site "Bad Soden, Hasselgrundhalle"]
[Date "2019.10.04"]
[Round "3.15"]
[White "Haller, Andreas"]
[Black "Alt, Johannes"]
[Result "0-1"]
[WhiteElo "1087"]
[BlackElo "1200"]
[PlyCount "58"]
[EventDate "2019.??.??"]
[WhiteTeam "SC Bad Soden"]
[BlackTeam "SF Heidesheim"]

1. e4 d6 2. d4 Nf6 3. Nc3 g6 4. Bf4 Bg7 5. Nf3 O-O 6. Bc4 a6 7. O-O b5 8. Bd3
Bb7 9. Re1 Nbd7 10. e5 Nh5 11. Bg5 f6 12. exf6 Bxf6 13. Bxf6 Rxf6 14. Be4 c6
15. d5 c5 16. Qd2 Nb6 17. Qh6 Qf8 18. Qxf8+ Raxf8 19. Rad1 R6f7 20. Rd2 Nc4 21.
Rde2 Nf4 22. b3 Nxe2+ 23. Rxe2 Nb6 24. Ng5 Rf6 25. Bf3 Re8 26. Bg4 Nxd5 27.
Nge4 Nxc3 28. Nxf6+ Kf7 29. Re3 exf6 0-1

[Event "Youth Classic 2019 - Youth Open U14"]
[Site "Bad Soden, Hasselgrundhalle"]
[Date "2019.10.04"]
[Round "3.16"]
[White "Rodermel, Leonie"]
[Black "Özyar, Arin"]
[Result "1/2-1/2"]
[WhiteElo "1066"]
[BlackElo "1345"]
[PlyCount "35"]
[EventDate "2019.??.??"]
[WhiteTeam "SV Oberursel"]
[BlackTeam "SC Bad Soden"]

1. e4 c5 2. Nf3 d6 3. d4 cxd4 4. Nxd4 Nf6 5. Nc3 a6 6. Be3 Ng4 7. Qd2 Nxe3 8.
Qxe3 e5 9. Nf3 Nc6 10. Bc4 Qf6 11. Nd5 Qd8 12. a3 Be6 13. Ng5 Nd4 14. O-O-O Rc8
15. Bd3 Bxd5 16. exd5 Qc7 17. c3 Qb6 18. Kb1 1/2-1/2

[Event "Youth Classic 2019 - Youth Open U14"]
[Site "Bad Soden, Hasselgrundhalle"]
[Date "2019.10.04"]
[Round "3.17"]
[White "Negru, Maximilian"]
[Black "Tobias, Karolin"]
[Result "1-0"]
[WhiteElo "1326"]
[BlackElo "1261"]
[PlyCount "37"]
[EventDate "2019.??.??"]
[WhiteTeam "SK Bad Homburg"]
[BlackTeam "SV Oberursel"]

1. e4 e5 2. Nf3 Nc6 3. Bc4 Bc5 4. c3 Nf6 5. d4 exd4 6. cxd4 Bb4+ 7. Nc3 Nxe4 8.
O-O Nxc3 9. bxc3 Bxc3 10. Ba3 d6 11. Rc1 Ba5 12. Bb5 O-O 13. Bxc6 bxc6 14. Qa4
Bb6 15. Rfe1 Bb7 16. Bb2 c5 17. dxc5 Bxc5 18. Qg4 Ba6 19. Qxg7# 1-0

[Event "Youth Classic 2019 - Youth Open U14"]
[Site "Bad Soden, Hasselgrundhalle"]
[Date "2019.10.04"]
[Round "3.18"]
[White "Radutny, Alexej"]
[Black "Yakubjanov, Damin"]
[Result "0-1"]
[WhiteElo "1023"]
[BlackElo "1259"]
[PlyCount "48"]
[EventDate "2019.??.??"]
[WhiteTeam "SK Bad Homburg"]
[BlackTeam "Schachakademie Trier"]

1. e4 e5 2. Nf3 Nc6 3. Bc4 Nf6 4. Nc3 Be7 5. d3 d6 6. O-O O-O 7. h3 Bd7 8. Bg5
Qc8 9. Nh2 a6 10. Nd5 Nxd5 11. exd5 Bxg5 12. dxc6 Bxc6 13. Qh5 h6 14. c3 Qd7
15. d4 exd4 16. cxd4 Bb5 17. Rac1 Bxc1 18. Rxc1 Bxc4 19. Rxc4 Qb5 20. Rc3 Qxh5
21. Rg3 Rfe8 22. Nf3 Re7 23. Nh2 Qd1+ 24. Nf1 Rae8 0-1

[Event "Youth Classic 2019 - Youth Open U14"]
[Site "Bad Soden, Hasselgrundhalle"]
[Date "2019.10.04"]
[Round "3.19"]
[White "Dittenberger, Nico"]
[Black "Stehning, Michel"]
[Result "1-0"]
[WhiteElo "1295"]
[BlackElo "1020"]
[PlyCount "83"]
[EventDate "2019.??.??"]
[WhiteTeam "SC Landskrone"]
[BlackTeam "SF Braunfels"]

1. e4 c5 2. Nf3 Nc6 3. d4 cxd4 4. Nxd4 Nxd4 5. Qxd4 d6 6. Bb5+ Bd7 7. Nc3 e5 8.
Qa4 Nf6 9. Bg5 a6 10. Bxd7+ Qxd7 11. Bxf6 Qxa4 12. Nxa4 gxf6 13. O-O-O b5 14.
Nb6 Rb8 15. Nd5 Be7 16. Nc7+ Kd8 17. Nxa6 Ra8 18. Nb4 Kd7 19. a3 Rhg8 20. Nd5
Rxg2 21. Nb6+ Kc7 22. Nxa8+ Kb8 23. f3 Kxa8 24. Rdg1 Rxg1+ 25. Rxg1 Kb7 26. Rg7
Kc6 27. Rxh7 Bf8 28. Rxf7 Bh6+ 29. Kb1 Bf4 30. h4 Bg3 31. h5 Bf4 32. Rxf6 Bg5
33. Rg6 Be7 34. h6 Bf6 35. Rxf6 Kc5 36. b4+ Kc4 37. h7 Kc3 38. h8=Q d5 39. Kc1
dxe4 40. Rf4 Kc4 41. Rxe4+ Kc3 42. Qxe5# 1-0

[Event "Youth Classic 2019 - Youth Open U14"]
[Site "Bad Soden, Hasselgrundhalle"]
[Date "2019.10.04"]
[Round "3.20"]
[White "Melchior, Christopher"]
[Black "Sadri, Adrian"]
[Result "0-1"]
[WhiteElo "1229"]
[BlackElo "1243"]
[PlyCount "36"]
[EventDate "2019.??.??"]
[WhiteTeam "SK Gernsheim"]
[BlackTeam "SC Bad Soden"]

1. d4 d5 2. c4 e6 3. Nc3 Nc6 4. Nf3 Bb4 5. Qc2 Nf6 6. Bg5 dxc4 7. e3 h6 8. Bh4
b6 9. Bxc4 Bb7 10. O-O Qd7 11. Bb5 Bxc3 12. Bxf6 Bb4 13. Bxg7 Rg8 14. Ne5 Qd6
15. Qh7 Ke7 16. Qxh6 Nxe5 17. Bxe5 Qd5 18. Rac1 Qxg2# 0-1